Návrh a realizácia komplexnej edukačnej platformy pre interakciu s priemyselným logickým počítačom

Saved in:
Bibliographic Details
Main Author: Sládkovičová, Hana (Author)
Other Authors: Habara, Marek (Thesis advisor)
Format: Manuscript Book
Language:Slovak
Published: 2024
Subjects:
Online Access:http://is.stuba.sk/zp/portal_zp.pl?podrobnosti=168379
Tags: Add Tag
No Tags, Be the first to tag this record!

MARC

LEADER 00000ntm a22000003a 4500
001 stuzp97210
003 SK-STU
005 20250304100457.2
007 ta
008 150427s2015----xo-----f-mn---000-0-slo-d
040 |a STU  |b slo 
041 0 |a slo 
100 1 |a Sládkovičová, Hana  |u 020020  |4 aut  |U SjF Strojnícka fakulta  |T SjF Ústav automatizácie, informatizácie a merania  |X 115700  |U J0020  |Y 802  |7 115700 
242 0 1 |a Design and implementation of a comprehensive educational platform for interaction with an industrial logic computer  |y eng 
245 1 0 |a Návrh a realizácia komplexnej edukačnej platformy pre interakciu s priemyselným logickým počítačom 
260 |c 2024 
650 4 |a Industry 3.0  |2 slo 
650 4 |a Industry 4.0  |2 slo 
650 4 |a dopravník  |2 slo 
650 4 |a robotické operácie  |2 slo 
650 4 |a edukačná pomôcka  |2 slo 
650 4 |a Industry 3.0  |2 eng 
650 4 |a Industry 4.0  |2 eng 
650 4 |a conveyor  |2 eng 
650 4 |a robotic operations  |2 eng 
650 4 |a educational tool  |2 eng 
700 1 |a Habara, Marek  |u 020020  |k Z3  |4 ths  |U SjF Strojnícka fakulta  |T SjF Ústav automatizácie, informatizácie a merania  |X 87297  |U J0020  |Y 802  |7 87297 
856 4 |u http://is.stuba.sk/zp/portal_zp.pl?podrobnosti=168379 
996 |b 284J047744  |c J* 3834/DBP  |l JJSK  |s A  |a 24  |w stuzp97210_0001